Mario Characters by Emblem - Statistics

General Stats
  • This quiz has been taken 377 times
  • The average score is 15 of 16
Answer Stats
Picture Answer % Correct
Mario
100%
Luigi
98%
Peach
98%
Wario
98%
Yoshi
97%
Bowser
96%
Donkey Kong
96%
Toad
96%
Waluigi
96%
Daisy
95%
Bowser Jr.
89%
Koopa Troopa
89%
Shy Guy
88%
Rosalina
83%
Birdo
82%
Pauline
55%
No matching quizzes found
Score Distribution
Percent of People with Each Score
Percentile by Number Answered
Your Score History
You have not taken this quiz